Elektronicky vládnuť je efektívnejšie dozrel čas zvýšiť výkonnosť verejnej správy použitím informačných technológií

Bibliographic Details
Main Author: Makara, Štefan (Author)
Format: Article
Language:Slovak
ISSN:1335-7883
Subjects:

MARC

LEADER 00000nab a2200000 ar4500
001 vtls008934070
003 SK-MaSNL
005 20260426070626.0
008 061003c2006 xo sr|p|||||||000 b|slo
015 |a SNBRB2007/01  |2 snkbucl 
038 |a SNKBUCL 
040 |a SNKBUCL  |b slo  |c SNKBUCL  |e AACR2 
041 0 |a slo 
044 |a xo  |c SK 
080 |a 004  |x (437.6)  |2 UDC-MRF-SK2 
080 |a 316.42  |x (437.6)  |2 UDC-MRF-SK2 
080 |a 352/354  |x (437.6)  |2 UDC-MRF-SK2 
100 1 |a Makara, Štefan  |4 aut  |9 378866 
245 1 0 |a Elektronicky vládnuť je efektívnejšie  |b dozrel čas zvýšiť výkonnosť verejnej správy použitím informačných technológií  |c Štefan Makara 
650 0 7 |a verejná správa  |2 snkbucl  |9 1538 
650 0 7 |a informatizácia  |2 snkbucl  |9 18583 
651 7 |a Slovensko  |2 snkbucl  |9 14231 
773 0 |t Verejná správa  |g Roč. 61, č. 25-26 (2006), s. 32-34  |x 1335-7883 
852 |a SNK  |b KIS3GCP 
958 |a SK 
999 |c 2669521  |d 2671451